000 01572nam a22004097a 4500
003 CHAP
005 20220329143224.0
008 070419d2005 mx r 00110 spa d
010 _a93512
011 _a94484
035 _a105075
040 _cCHAP
090 _aTesis
100 1 _aBracamontes Casiano, María Crístina.
_914913
245 1 0 _aRespuesta de la soya salcer en 100% de floración a la fertilización con nitrógeno y potasio en Cocula, Gro.
_c/por María Cristina Bracamontes Casiano
260 _aCocula, Gro. :
_bEl autor,
_c2005.
300 _a62 h. :
_bilus.; cuadros.
502 _aTesis (Ing. Agr. Zootecnista) - - Colegio Superior Agropecuario del Estado de Guerrero. Centro de Estudios Prosionales.
590 _aALEPH
_b10
_c20130110
_lUCH01
_h1517
590 _aBATCH-UPD
_b10
_c20130110
_lUCH01
_h0011
590 _aBATCH-UPD
_b10
_c20130110
_lUCH01
_h0338
590 _aBATCH-UPD
_b10
_c20130110
_lUCH01
_h1702
590 _aBATCH-UPD
_b10
_c20130409
_lUCH01
_h1948
590 _aBATCH-UPD
_b10
_c20130410
_lUCH01
_h0226
590 _aBATCH-UPD
_b10
_c20130914
_lUCH01
_h0745
590 _aCONVERSION
_b10
_c20130109
_lUCH01
_h1352
650 1 4 _aFertilizantes
_xEfecto en soya.
_940552
650 1 4 _aNitrógeno
_xEfecto en soya.
_981462
650 1 4 _aPotasio
_xEfecto en soya.
_991114
650 1 4 _aSoya
_xFloración.
_9109052
650 1 4 _aSoya
_xRendimiento.
_9109084
650 1 4 _aSoya
_zGuerrero.
_9109100
901 _aBK
905 _aElisama A. H.
942 _cTESIS
949 _aTesis
_bBC
_cTES
_d33724002024868
_eTS1
_gDonaciØn
_h46444
_i105075
_sb
999 _c93512
_d93512